00545 2200169 4500001002100000005001500021035002000036245004000056100001000096250001100106300003700117260011800154082001600272084002200288020002200310650004300332INLIS00000000000179620241106093117 a0010-11240000541 aAgar-Agar Pangeran Mallano /cSabir0 aSabir aCet. 1 a36 hlm. :bilus. ;c21 x 29,7 cm aJakarta :bBadan Pengembangan dan Pembinaan Bahasa, Kementrian Pendidikan, Kebudayaan, Riset dan Teknologi,c2023 a398.209 598 a398.209 598 SAB a a978-623-118-806-9 4aCerita Anak Indonesia. Kesustraan Anak